Estudio a nivel de prefactibilidad del proyecto construcción del condominio las Colinas del Diamante, en el municipio de Estelí, departamento de Estelí

El presente trabajo consiste el estudio de prefactibilidad de la construcción del Condominio Las Colinas del Diamante en la ciudad de Estelí, abarca los distintos estudios necesarios para el desarrollo de una propuesta habitacional dirigida al segmento de clase media alta y empresarios.

Bibliographic Details
Main Authors: Diesen Dennis, Ashley Sunashy, Canales Hernández, Yaritza del Socorro
Other Authors: Tutor: Molina Lagos, Yader
Format: Tesis Section = Libro
Language:Undetermined
Spanish
Published: Managua UNI 2022
Subjects:
LEADER 01221nam a2200277Ia 4500
008 240830s9999 xx 000 0 und d
040 |a BIBLIOTECA-RUPAP/ Mon 690 D611 
041 |a spa 
082 |a Mon 690 D611 
100 1 |a Diesen Dennis, Ashley Sunashy 
100 1 |b Canales Hernández, Yaritza del Socorro 
245 1 0 |a Estudio a nivel de prefactibilidad del proyecto construcción del condominio las Colinas del Diamante, en el municipio de Estelí, departamento de Estelí 
260 |a Managua  |b UNI  |c 2022 
300 |a 102 p. :il. 
500 |a Contiene: anexos y CD. 
502 |a Tesis (Ingeniero Civil) - UNI, 2022. 
520 3 |a El presente trabajo consiste el estudio de prefactibilidad de la construcción del Condominio Las Colinas del Diamante en la ciudad de Estelí, abarca los distintos estudios necesarios para el desarrollo de una propuesta habitacional dirigida al segmento de clase media alta y empresarios. 
650 7 |a PROYECTOS DE CONSTRUCCION 
650 7 |b  ESTUDIOS DE FACTIBILIDAD 
650 7 |c  ESTUDIO DE MERCADO 
650 7 |d  ESTUDIO FINANCIERO 
650 7 |e  VIVIENDAS-NICARAGUA. 
700 1 |a Tutor:  |b Molina Lagos, Yader 
942 |c BK  |2 ddc 
991 |a Tesis 
999 |c 19174